Hombres en tiempos de oscuridad
সংরক্ষণ করুন:
| প্রধান লেখক: | |
|---|---|
| বিন্যাস: | গ্রন্থ |
| ভাষা: | স্প্যানিশ |
| প্রকাশিত: |
Barcelona
Gedisa
1992
|
| মালা: | Esquinas
|
| বিষয়গুলি: | |
| ট্যাগগুলো: |
ট্যাগ যুক্ত করুন
কোনো ট্যাগ নেই, প্রথমজন হিসাবে ট্যাগ করুন!
|
MARC
| LEADER | 00000nam a2200000 a 4500 | ||
|---|---|---|---|
| 001 | UCP2019 | ||
| 003 | CL-VaPUC | ||
| 005 | 20210709001835.0 | ||
| 008 | 990430e19920000SP |||||||||||||||||spa|d | ||
| 999 | |c 280631 |d 280629 | ||
| 040 | |c Pontificia Universidad Católica de Valparaíso | ||
| 082 | 0 | 4 | |a 100 |b ARE |2 21 |
| 100 | 0 | |a Arendt, Hannah |e author |9 376197 | |
| 245 | 1 | 0 | |a Hombres en tiempos de oscuridad |
| 260 | |a Barcelona |b Gedisa |c 1992 | ||
| 300 | |a 236 p | ||
| 490 | 0 | |a Esquinas | |
| 583 | |a last modification |c 20160912 03:35:58 |k Rodrigo Vera | ||
| 600 | 0 | |a Benjamin, Walter |d 1892-1940 |9 269121 | |
| 600 | 0 | 7 | |a BRECHT, BERTOLT |2 CL-VaPUC |9 311649 |
| 600 | 0 | 7 | |a Luxemburgo, Rosa, |d 1871-1919 |9 861295 |
| 600 | 0 | 7 | |a BROCH, HERMANN |2 CL-VaPUC |9 428414 |
| 600 | 0 | 7 | |a Jaspers, Karl |d 1883-1969 |9 858275 |
| 650 | 0 | |a Vida intelectual |9 265379 | |
| 650 | 0 | |a Historia siglo 20 |9 255736 | |
| 651 | 0 | |a Europa |9 255156 | |
| 852 | |a BIBCUR | ||
| 942 | |c BK |2 ddc | ||
| 945 | |d 19990430 00:00:00 |a lriquelm | ||
| 952 | |0 0 |1 0 |4 0 |6 100_000000000000000_ARE_1992 |7 0 |8 A |9 321048 |a BIBHIS |b BIBHIS |d 2019-11-20 |i 3036413 |o 100 ARE 1992 |p 3036413 |r 2025-01-20 |w 2019-11-20 |y BK |k HIS | ||